Statistics for Least Guessed Elements on JetPunk

Click here to take the quiz!

General Stats

  • This quiz has been taken 270 times
  • The average score is 10 of 22

Answer Stats

%Element% Correct
13Oganesson
70%
15Tennessine
69%
16Moscovium
58%
19Livermorium
56%
12Nihonium
55%
16Meitnerium
54%
17Darmstadtium
52%
16Flerovium
51%
19Copernicium
50%
18Praseodymium
47%
16Roentgenium
47%
18Protactinium
46%
18Thulium
46%
18Hassium
44%
17Dysprosium
43%
17Dubnium
42%
17Lutetium
41%
17Gadolinium
39%
18Samarium
37%
18Holmium
35%
19Terbium
35%
19Promethium
33%

Score Distribution

Percentile by Number Answered

Percent of People with Each Score

Your Score History

You have not taken this quiz